000 00548nam a2200157 4500
001 145176
003 ES-MaACL
005 20230906201158.0
007 t|
008 070214s1968 sp r ||||1| spa d
100 1 _aSotto y Montes, Joaquín de.
_9107552
245 1 0 _aSíntesis histórica de la caballería española
_b: (desde los primeros tiempos históricos hasta el siglo XX) /
_cJoaquín de Sotto y Montes.
260 _aMadrid :
_bEscelicer,
_c1968.
300 _a754 p., 36 lám. :
_bil. ;
_c28 cm.
852 _aES-MaACL
_jG-5473
_bR.66158
999 _c145176
_d145176